000 00360nam a22001217a 4500
020 _a978-0-521-84587-8
082 _a620.11085
100 _aLesar, Richard
245 _aIntroduction to Computational Materials Science:
_bFundamentals to Applications
260 _aCambridge:
_bCambridge University Press,
_c2013
300 _axi, 414p.: ill.; 25cm
942 _cBK
999 _c22193
_d22193